ბათუმის შოთა რუსთაველის სახელმწიფო უნივერსიტეტის ბიბლიოთეკა

აღმოსავლეთმცოდნეობის მაცნე / (ბიბ.ჩანაწერი № 59624)

000 -LEADER
fixed length control field 01017nam a22001577a 4500
005 - DATE AND TIME OF LATEST TRANSACTION
control field 20230629154539.0
008 - FIXED-LENGTH DATA ELEMENTS--GENERAL INFORMATION
fixed length control field 230323c2022 ge ||||| |||| 00| 0 geo d
022 ## - INTERNATIONAL STANDARD SERIAL NUMBER
International Standard Serial Number 2587-490x
041 ## - LANGUAGE CODE
Language code of text/sound track or separate title geo
245 ## - TITLE STATEMENT
Title აღმოსავლეთმცოდნეობის მაცნე /
Statement of responsibility, etc. ბათუმის შოთა რუსთაველის სახელმწიფო უნივერსიტეტი ; ჰუმანიტარულ მეცნიერებათა ფაკულტეტი ; აღმოსავლეთმცოდნეობის დეპარტამენტი ; რედაქტორი პროფესორი ემზარ მაკარაძე.
260 ## - PUBLICATION, DISTRIBUTION, ETC.
Place of publication, distribution, etc. თბილისი :
Name of publisher, distributor, etc. დანი,
Date of publication, distribution, etc. 2018-
300 ## - PHYSICAL DESCRIPTION
Extent v.
653 ## - INDEX TERM--UNCONTROLLED
Uncontrolled term აღმოსავლეთმცოდნეობა
700 ## - ADDED ENTRY--PERSONAL NAME
Personal name მაკარაძე, ემზარ
Relator term პროფესორი, რედაქტორი
9 (RLIN) 4143
942 ## - ADDED ENTRY ELEMENTS (KOHA)
Source of classification or shelving scheme
Koha item type წიგნი
ეგზემპლარები
Withdrawn status Lost status Source of classification or shelving scheme Damaged status Not for loan Permanent Location Current Location Shelving location Date acquired Serial Enumeration / chronology Barcode Date last seen Copy number Price effective from Koha item type
          ბათუმის შოთა რუსთაველის სახელმწიფო უნივერსიტეტის მთავარი ბიბლიოთეკა ბათუმის შოთა რუსთაველის სახელმწიფო უნივერსიტეტის მთავარი ბიბლიოთეკა წიგნსაცავი 2023-03-23 # V-2/2022 81045 p 2023-03-23 81045 2023-03-23 პერიოდიკა